| 000 | 00944nam a22003137a 4500 | ||
|---|---|---|---|
| 001 | BR9903514 | ||
| 003 | BR-BrBNA | ||
| 005 | 20230928100448.0 | ||
| 007 | ta | ||
| 008 | 230509b bl.||||| |||| 00| 0 por d | ||
| 040 |
_aBR-BrBNA _bpor _cBiblioteca Nacional de Agricultura |
||
| 041 | _a(Por) | ||
| 072 |
_aE70 _b0600 |
||
| 090 | _ 0600 BR9903514 | ||
| 100 | 1 | _aMorimoto, F. | |
| 100 | 1 | _aBiasi, F. | |
| 100 | 1 | _aZanette, F. | |
| 100 | 1 | _aCarvalho, R.I.N. de | |
| 110 | 1 | _aServico Nacional de Aprendizagem Rural, Curitiba, PR (Brasil). Administracao Regional do Estado do Parana | |
| 245 | 1 | _aTrabalhador na fruticultura; colheita, beneficiamento, embalagem, classificacao e armazenamento | |
| 260 | 3 |
_aCuritiba, PR (Brasil): _c1998. |
|
| 300 | _a54 p. | ||
| 650 | _aFruticultura | ||
| 650 | _aColheita | ||
| 650 | _aClassificacao de Produto | ||
| 650 | _aEmbalagem | ||
| 909 |
_a202309 _bLucia _c55 _dLucia Elande |
||
| 942 | _cBK | ||
| 999 |
_c61417 _d61417 |
||